000 00298nam a2200109Ia 4500
008 240731s9999 xx 000 0 und d
245 0 _aSociety for the Study of Chinese Religions Bulletin
260 _bRoutledge
856 _uhttps://www.tandfonline.com/loi/yjch19
942 _2ddc
942 _cTFEJ
999 _c79437
_d79437
945 _a1
_bMadushi Gamage
_c1
_dMadushi Gamage